Bugünden yarınlara tekstil ve konfeksiyon sektörü (Record no. 2502)

MARC details
000 -BAŞLIK
Sabit Uzunlukta Kontrol Alanı 00606na a2200217 4500
001 - KONTROL NUMARASI
Denetim Alanı 18543
003 - KONTROL NUMARASI IDENTIFIER
Denetim Alanı MIRAKIL
005 - SON İŞLEM TARİHİ VE ZAMANI
Denetim Alanı 20181213154859.0
008 - SABİT-BOY VERİ ELEMANLARI - GENEL BİLGİLER
Sabit Uzunlukta Kontrol Alanı 161121b tu 000 0
040 ## - KATALOGLAMA KAYNAK
Orijinal Kataloglama Ajansı Milas
Kataloglama Dili tur
Metne Dönüştürmek Ajansı TR-AnCHP
041 ## - DİL KODU
Metin / Ses Parça Veya Ayrı Başlığın Dil Kodu tur
082 ## - DEWEY ONLU SINIFLANDIRMA NUMARASI
Sınıflandırma Numarası 338.47677
Ürün Numarası A73b 1999
090 ## - SINIFLAMA NUMARASI
Sınıflama Numarası 338.47677 A73b 1999
100 ## - ANA GİRİŞ - KİŞİSEL İSİM
Kişisel Ad Ateş, Adnan
245 ## - BAŞLIK TABLOSU
Başlık Bugünden yarınlara tekstil ve konfeksiyon sektörü
Sorumluluk Tablosu, Vb Adnan Ateş
260 ## - YAYIN, DAĞITIM, VB
Yayın, Dağıtım, Vb Yeri Ankara
Yayıncı, Dağıtıcı, Vs Adı TEKSİF Sendikası Yayınları
Yayın, Dağıtım, Vb Tarihi 1999
300 ## - FİZİKSEL TANIM
Kapsam 154 s.
Boyutlar 24 sm.
650 ## - KONU KATMA GİRİŞ - TOPİKAL DÖNEM
Topikal Süreli Veya Coğrafi Ad Giriş Elemanı Üretim
Genel Alt Bölümü Konfeksiyonlar
650 ## - KONU KATMA GİRİŞ - TOPİKAL DÖNEM
Topikal Süreli Veya Coğrafi Ad Giriş Elemanı Üretim
Genel Alt Bölümü Tekstil
942 ## - EKLENDİ GİRİŞ ELEMANLARI (KOHA)
Sınıflandırma Veya Raf Düzeni Kaynak Dewey Decimal Classification
Koha Öğesi Türü Books
999 ## - SİSTEM KONTROL NUMARALARI (KOHA)
Koha Biblionumber 2502
Koha Biblioitemnumber 2502
Holdings
Kalıcı Konum Mevcut Konum Edinme Tarihi Edinim Kaynak Toplam Check-Out'Lar Tam Çağrı Numarası Barkod Tarih Son Görülme İtibaren Geçerli Fiyatlar Koha Öğesi Türü
CHP Kütüphanesi CHP Kütüphanesi 11/21/2016 Bağış   338.47677 A73b 1999 008816 11/21/2016 11/21/2016 Books